000 00388nam a2200145 i 4500
001 84149
003 ES-MaACL
007 t|
008 041119s1931 fr ||||1| fre d
100 1 _aJaloux, Edmond.
_965955
245 1 0 _aAu Pays du Roman /
_cEdmond Jaloux.
260 _a[Paris :
_bR. A. Correa Bellenand et fils],
_c1931.
300 _a264 p. ;
_c19 cm.
852 _aES-MaACL
_jG-3222
999 _c84149
_d84149